[Event "FAI-ch Master 2021"]
[Site "Klaksvik"]
[Date "2021.03.29"]
[Round "3.1"]
[White "Nielsen, Hogni Egilstoft"]
[Black "Berg, Margar M."]
[Result "1-0"]
[WhiteElo "2384"]
[BlackElo "1942"]
[Annotator "RC"]
[PlyCount "67"]
[EventDate "2021.03.27"]
[EventType "tourn"]
[EventCountry "FAI"]
[SourceTitle "playchess.com"]
[Source "ChessBase"]
[SourceQuality "1"]
[TimeControl "40/5400+30:900+30"]

1. e4 {[%emt 0:00:00]} g6 {[%emt 0:08:42]} 2. d4 {[%emt 0:00:00]} d6 {[%emt 0:00:37]} 3. Nf3 {[%emt 0:01:28]} Nf6 {[%emt 0:04:31]} 4. Nc3 {[%emt 0:00:09]} Bg7 {[%emt 0:02:10]} 5. h3 {[%emt 0:00:08]} O-O {[%emt 0:00:51]} 6. Be3 {[%emt 0:01:04]} b6 {[%emt 0:17:15]} 7. Bd3 {[%emt 0:06:10]} Bb7 {[%emt 0:04:11]} 8. O-O {[%emt 0:01:06]} Nbd7 {[%emt 0:02:31]} 9. Nd2 {[%emt 0:04:40]} c5 {[%emt 0:02:05]} 10. d5 {[%emt 0:00:25]} Ne5 {[%emt 0:05:47]} 11. Be2 {[%emt 0:03:45]} a6 {[%emt 0:04:37]} 12. a4 {[%emt 0:01:34]} e6 {[%emt 0:03:30]} 13. f4 {[%emt 0:07:56]} Ned7 {[%emt 0:01:03]} 14. Bf3 {[%emt 0:00:12]} exd5 {[%emt 0:01:24]} 15. exd5 {[%emt 0:00:11]} Re8 {[%emt 0:01:51]} 16. Bf2 {[%emt 0:04:49]} Qc7 {[%emt 0:11:24]} 17. Nc4 {[%emt 0:02:05]} Re7 {[%emt 0:06:32]} 18. Qd3 {[%emt 0:05:37]} Rae8 {[%emt 0:03:36]} 19. Bg3 {[%emt 0:04:20]} Bc8 {[%emt 0:08:58]} 20. Bh2 {[%emt 0:09:31]} Qb8 {[%emt 0:00:59]} 21. Kh1 {[%emt 0:09:20]} b5 {[%emt 0:00:36]} 22. axb5 {[%emt 0:00:10]} axb5 {[%emt 0:00:07]} 23. Na5 {[%emt 0:00:06]} c4 {[%emt 0:00:44]} 24. Qd1 {[%emt 0:03:13]} Bb7 {[%emt 0:02:56]} 25. Nc6 {[%emt 0:05:07]} Bxc6 {[%emt 0:00:09]} 26. dxc6 {[%emt 0:00:02]} Nc5 {[%emt 0:00:31]} 27. f5 {[%emt 0:00:18]} Nce4 {[%emt 0:02:46]} 28. Nxe4 {[%emt 0:01:46]} Nxe4 {[%emt 0:00:07]} 29. f6 {[%emt 0:00:08]} Bxf6 {[%emt 0:01:45]} 30. Bxe4 {[%emt 0:00:07]} Rxe4 {[%emt 0:00:08]} 31. Rxf6 {[%emt 0:00:28]} Qb6 {[%emt 0:02:35]} 32. Qd5 {[%emt 0:03:20]} Re1+ {[%emt 0:00:30]} 33. Rf1 {[%emt 0:00:07]} Qf2 {[%emt 0:00:31]} 34. Raxe1 {[%emt 0:00:27]} 1-0

[Event "FAI-ch Master 2021"]
[Site "Klaksvik"]
[Date "2021.03.29"]
[Round "3.2"]
[White "Nolsoe, Rani"]
[Black "Hojgaard, Samson"]
[Result "1-0"]
[WhiteElo "2068"]
[BlackElo "1999"]
[Annotator "TA"]
[PlyCount "75"]
[EventDate "2021.03.27"]
[EventType "tourn"]
[EventCountry "FAI"]
[SourceTitle "playchess.com"]
[Source "ChessBase"]
[SourceQuality "1"]

{[%evp 12,75,32,29,27,32,22,34,66,66,73,66,56,53,88,51,58,39,39,39,54,49,62,50,68,55,61,49,44,53,44,28,37,37,36,32,80,24,34,21,35,26,31,12,24,0,0,0,29,6,711,698,1160,1074,1269,756,1313,1338,1670,1570,2523,2320,2322,2278,2302,2209]} 1. e4 Nf6 2. e5 Nd5 3. d4 d6 4. c4 Nb6 5. exd6 exd6 6. Nc3 Be7 7. Bd3 O-O {B03: Alekhine's Defence: Four Pawns Attack.} 8. Nge2 Re8 9. O-O N8d7 {White is slightly better.} 10. b3 {[#]} Nf8 $146 ({Predecessor:} 10... c6 11. Re1 Bf8 12. Qc2 h6 13. Bf4 Nf6 14. h3 Be6 15. Bh2 d5 16. c5 Nbd7 {0-1 (77) Fressinet,L (2654)-Drazic,S (2493) Ajaccio 2007}) 11. a4 a5 12. Be3 Bg5 13. Bxg5 Qxg5 14. Nb5 Qd8 15. d5 Bg4 16. f3 Bh5 17. Ned4 Nbd7 18. Qd2 Nc5 19. Bc2 Bg6 20. Rfe1 {[#] Threatens to win with Rxe8.} Rxe1+ 21. Rxe1 Bxc2 22. Qxc2 Ng6 23. Qd2 Kf8 24. Qe3 ({White should try} 24. f4 $16) 24... Qd7 $11 25. h3 Rc8 26. Qc3 Ra8 27. g4 Nh4 28. Kf2 c6 29. Qc2 Ng6 30. Nc3 $40 {[%mdl 128] White attacks.} Nf4 $2 {[%mdl 8192] This move loses the game for Black.} (30... Re8 $11) 31. Qxh7 $18 {[%cal Rh7h8] White is clearly winning.} Ncd3+ 32. Kf1 {[%cal Rh7h8]} Ng6 33. Re3 {Nf5 is the strong threat.} Ndf4 34. Nf5 {[%csl Gf5][%cal Rh7g7]} f6 {[#]} 35. Nh6 $1 {[%csl Gh6][%cal Rh7g8][%mdl 576] Pin} Ne5 (35... Qf7 36. Nxf7) 36. Qg8+ Ke7 37. Nf5+ Qxf5 38. Qxg7+ {Weighted Error Value: White=0.10/Black=0.14} 1-0

[Event "FAI-ch Master 2021"]
[Site "Klaksvik"]
[Date "2021.03.29"]
[Round "3.3"]
[White "Johansen, Haldur Suni"]
[Black "Poulsen, Martin"]
[Result "0-1"]
[WhiteElo "1997"]
[BlackElo "2285"]
[Annotator "TA"]
[PlyCount "104"]
[EventDate "2021.03.27"]
[EventType "tourn"]
[EventCountry "FAI"]
[SourceTitle "playchess.com"]
[Source "ChessBase"]
[SourceQuality "1"]

{[%evp 9,104,18,45,1,-2,-4,-25,-17,-31,-29,-10,-15,2,0,3,3,14,10,57,33,86,57,77,36,39,0,0,0,0,-86,0,0,0,-38,53,0,83,-76,-77,-150,-136,-177,-115,-135,-103,-130,-12,-14,0,0,29,34,21,25,120,-100,-55,-50,-58,-51,-55,-58,-56,-91,-90,-163,-167,-163,-150,-217,-212,-214,0,-196,-131,-407,-347,-323,-297,-385,-346,-29974,-29975,-29975,-29976,-29976,-29977,-29977,-29978,-29979,-29980,-29980,-29980,-29981,-29982,-29982,-29982]} 1. e4 g6 2. d4 Bg7 3. Nc3 d6 4. Nf3 a6 5. h3 b5 6. Be3 {B06: Modern Defence.} Bb7 7. a3 Nd7 8. Qd2 {Black has an edge.} c5 9. Bd3 Qc7 10. d5 {[#]} c4 $146 ({Predecessor:} 10... Ngf6 11. Bh6 O-O 12. O-O c4 13. Bxg7 Kxg7 14. Be2 Nc5 15. Qd4 Rfe8 16. Nd2 e6 {½-½ (74) Stefansson,H (2576)-Siebrecht,S (2464) Dresden 2007}) 11. Be2 Nc5 12. Nd4 Nf6 13. Bf3 h5 14. O-O Nfd7 (14... O-O $14) 15. Rfe1 Rc8 16. Bd1 Nb6 17. f4 Nba4 $1 {[%cal Ra4c3]} 18. Bf3 ({Much worse is} 18. Nxa4 Nxe4 19. Qb4 bxa4 $17) 18... Nxb2 19. Bf2 (19. Rab1 $11 Nba4 20. Nxa4 Nxa4 21. f5 gxf5 22. Nxf5) 19... Nba4 (19... Qa5 $1 $17 20. Qe3 Nbd3 $1 21. cxd3 Qxc3 22. dxc4 Qxe3 23. Bxe3 Nd3 24. cxb5 Nxe1 25. Rxe1 axb5) 20. Nxa4 $11 Nxa4 21. Qe3 Nb6 (21... Bh6 $15) 22. c3 ({White should play} 22. f5 $1 $14 g5 23. Qxg5) 22... Nd7 (22... Na4 $1 $11 {keeps the balance.}) 23. g4 $2 (23. a4 $16) 23... hxg4 $1 $17 24. hxg4 ({White should try} 24. Bxg4 Nc5 25. Re2) 24... Nc5 $1 25. Bg3 Nb3 (25... Nd3 $19 26. Red1 Qa5) 26. Ra2 Bxd4 27. cxd4 c3 ({Better is} 27... Qb6 $17 28. Bf2 a5) 28. Rc2 $1 $11 Qc4 29. Rd1 Qa4 (29... f5 $5) 30. Rxc3 Rxc3 31. Qxc3 {Threatens to win with Be1.} Kd7 (31... Qc4 $1 $11 {remains equal.} 32. Rd3 Na5) 32. Rb1 $2 (32. Rd3 $16 {stays on course.} Na5 33. Be1) 32... Qxd4+ (32... Nxd4 {is more complex.} 33. g5 Nxf3+ 34. Qxf3 Qc2 35. Re1 e6) 33. Qxd4 Nxd4 34. Bd1 Rc8 $1 35. Bf2 Rc4 36. Rb4 {aiming for Rxc4.} e5 {Strongly threatening ...Rc1.} 37. Bxd4 (37. Rxc4 $17 {was called for.} bxc4 38. fxe5 dxe5 39. Be1) 37... Rxd4 $19 38. Rxd4 exd4 $17 {[%mdl 4096] Endgame KB-KB} 39. Bb3 (39. g5 $17) 39... Kc7 $19 40. Kf2 Kb6 $2 (40... Bc8 $19 41. g5 Bg4) 41. Ke2 $2 (41. e5 $1 $11) 41... Kc5 (41... Bc8 $19 42. g5 a5) 42. Kd3 $2 {[%mdl 8192] This costs White the game.} (42. g5 $17 {is the only way for White.}) 42... f5 43. exf5 gxf5 44. g5 {g6 is the strong threat.} Bxd5 45. Bxd5 (45. Bd1 $19 a5 46. g6) 45... Kxd5 {KP-KP. Black mates.} 46. Kd2 a5 $1 {[%cal Ba6a5,Ba5a4,Ba4a3][%mdl 32]} 47. Kd3 {[#]} a4 $1 48. g6 Ke6 49. Kxd4 Kf6 50. Kc3 {[#]} d5 $1 51. Kd4 b4 {[%mdl 64] Promotion} 52. axb4 a3 {Weighted Error Value: White=0.49/Black=0.28} 0-1

[Event "FAI-ch Master 2021"]
[Site "Klaksvik"]
[Date "2021.03.29"]
[Round "3.4"]
[White "Apol, Luitjen Akselsson"]
[Black "Simonsen, Hans Kristian"]
[Result "0-1"]
[WhiteElo "2103"]
[BlackElo "2128"]
[Annotator "TA"]
[PlyCount "74"]
[EventDate "2021.03.27"]
[EventType "tourn"]
[EventCountry "FAI"]
[SourceTitle "playchess.com"]
[Source "ChessBase"]
[SourceQuality "1"]

{[%evp 9,74,40,40,28,24,29,28,21,31,-38,0,0,0,0,23,32,17,10,49,45,52,52,55,68,94,106,100,78,181,115,132,63,66,26,29,0,0,6,34,20,40,31,10,0,0,-15,-12,-214,-214,-213,-223,-253,-202,-586,-589,-578,-580,-600,-562,-658,-742,-595,-468,-29986,-29987,-29990,-29991]} 1. e4 e6 2. d4 d5 3. Nd2 h6 4. Ngf3 Nf6 5. e5 Nfd7 6. c3 {C03: French Tarrasch: Unusual Black 3rd moves.} c5 7. Bd3 Nc6 8. O-O {White has an edge.} g5 9. dxc5 (9. b3 $14) 9... Nxc5 10. Nb3 Nxd3 11. Qxd3 g4 12. Nfd4 Nxe5 13. Qg3 {[%cal Rg3e5]} Bg7 (13... Bd6 $5 {[%cal Re5f3]} 14. Bf4 Nc4 $15) 14. Re1 Qf6 15. Nb5 $1 {[%cal Rb5c7] Strongly threatening Nc7+.} O-O 16. Nc7 {[#]} Bd7 $146 ({Predecessor:} 16... Rb8 17. Bf4 Nd3 18. Nxd5 exd5 19. Bxb8 Nxe1 20. Rxe1 Qa6 21. Bd6 Rd8 22. Bc7 Rf8 23. Bd6 Rd8 24. Bc7 Rf8 {½-½ (24) Bayaraa,Z (2203)-Schneider,I (2397) Richardson 2008}) 17. Nxa8 Rxa8 18. Be3 {Hoping for Bd4.} Qf5 {[#]} (18... Nd3 $16) 19. Nc5 (19. Bxh6 $1 $18 {[%mdl 512]} Bf6 (19... Bh8 20. Nd4) 20. Rad1) 19... Bc6 {[#]} 20. Bd4 (20. Bxh6 $1 $16 {[%mdl 512]} Bf6 21. Qf4) 20... f6 $14 21. f4 gxf3 22. Bxe5 fxe5 23. Qxf3 ({But not} 23. gxf3 b6 $17) 23... Qg6 24. Qh3 Re8 25. Re3 Qf5 $1 26. a4 (26. Qg3 {seems wilder.} e4 27. Rf1 Qh5 28. Qc7 Be5 29. Rh3) 26... e4 {White should prevent ...d4.} 27. Qxf5 exf5 28. Rf1 $2 {[#]} (28. Nb3 $1 $11 {and White has nothing to worry.}) 28... d4 $1 $19 {[%cal Rd4e3]} ({Stronger than} 28... b6 29. Nb3 $11) 29. Rg3 d3 30. Kf2 b6 {[%cal Bb7b6,Bb6c5][%mdl 32]} 31. Ke3 $2 (31. Nxd3 exd3 32. Rxd3) 31... bxc5 32. Rxf5 Rd8 33. Kd2 Rb8 34. Kc1 Rf8 35. Rxf8+ Kxf8 36. b3 (36. Rg6 $19 Bxa4 37. Kd2) 36... Bxc3 37. Rg6 Bd5 {Quite a comeback for Black.  Weighted Error Value: White=0.58/Black=0.11} 0-1

[Event "FAI-ch Master 2021"]
[Site "Klaksvik"]
[Date "2021.03.30"]
[Round "4.1"]
[White "Berg, Margar M."]
[Black "Simonsen, Hans Kristian"]
[Result "0-1"]
[WhiteElo "1942"]
[BlackElo "2128"]
[Annotator "TA"]
[PlyCount "76"]
[EventDate "2021.03.27"]
[EventType "tourn"]
[EventCountry "FAI"]
[SourceTitle "playchess.com"]
[Source "ChessBase"]
[SourceQuality "1"]

{[%evp 16,76,12,9,37,23,22,-32,-28,-22,-18,-25,-27,-33,-49,-44,-42,-28,-8,-14,-10,-3,11,11,12,4,8,-13,-14,-79,-6,-277,-277,-286,-281,-382,-373,-398,-369,-563,-555,-660,-525,-618,-525,-942,-935,-909,-829,-902,-855,-1753,-1785,-29988,-29989,-29981,-29982,-29993,-29994,-29994,-29995,-29998,-29999]} 1. d4 d5 2. c4 c6 3. Nf3 Nf6 4. Nc3 e6 5. e3 Nbd7 6. Bd3 dxc4 7. Bxc4 b5 8. Bd3 Bb7 9. O-O Bd6 {D47: Semi-Slav: Meran System.} 10. b3 O-O {[#]} 11. e4 $146 (11. Bb2 $11) ({Predecessor:} 11. Bb2 b4 12. Na4 c5 13. dxc5 Nxc5 14. Nxc5 Bxc5 15. Qe2 Bxf3 16. gxf3 Nd5 17. Rac1 Be7 18. Be4 {½-½ (25) Moiseenko,A (2649)-Solak,D (2633) Izmir 2016}) 11... e5 $1 $15 {Black is slightly better.} 12. Ne2 {[%cal Bc3e2,Be2d4,Bd4f5,Bf5h6][%mdl 32]} Re8 13. Bb2 exd4 14. Nexd4 Ne5 15. Bc2 Qc7 16. h3 Rad8 {White should prevent ...Nxf3+.} 17. Nf5 Nxf3+ 18. Qxf3 {[#] And now Bxf6 would win.} Be5 19. Bxe5 Qxe5 20. Rad1 g6 {Threatens to win with ...Rxd1.} 21. Nh6+ Kg7 22. Qe3 (22. Ng4 $1 $11 {keeps the balance.} Nxg4 23. Qxg4) 22... c5 ({Black should play} 22... Bc8 $17) 23. f4 $2 {[%mdl 8192] This move loses the game for White.} Qb2 $19 24. Rxd8 Rxd8 25. Rf2 Qa1+ ({Resist} 25... Kxh6 26. f5+ g5 27. Qxc5 $19) 26. Kh2 Kxh6 27. f5+ (27. e5 {keeps fighting.} Nd5 28. Qxc5) 27... g5 28. e5 Nd5 29. Qg3 f6 30. e6 Qd4 31. Bd3 c4 32. bxc4 bxc4 33. Bc2 Nf4 34. h4 Nh5 {Black mates.} 35. hxg5+ fxg5 36. Qc7 Qxf2 {[%csl Gb7][%cal Rf2g2][%mdl 64] [#] Double Attack} 37. Qxb7 Rd4 {[%cal Rd4h4]} 38. Be4 Qg3+ {Weighted Error Value: White=0.81/Black=0.18} 0-1

[Event "FAI-ch Master 2021"]
[Site "Klaksvik"]
[Date "2021.03.30"]
[Round "4.2"]
[White "Poulsen, Martin"]
[Black "Apol, Luitjen Akselsson"]
[Result "1-0"]
[WhiteElo "2285"]
[BlackElo "2103"]
[Annotator "ChessBase"]
[PlyCount "53"]
[EventDate "2021.03.27"]
[EventType "tourn"]
[EventCountry "FAI"]
[SourceTitle "playchess.com"]
[Source "ChessBase"]
[SourceQuality "1"]
[TimeControl "40/5400+30:900+30"]

1. g3 {[%emt 0:08:13]} g6 {[%emt 0:00:23]} 2. Bg2 {[%emt 0:00:09]} Bg7 {[%emt 0:00:28]} 3. c4 {[%emt 0:00:24]} d6 {[%emt 0:00:36]} 4. d4 {[%emt 0:03:56]} Nf6 {[%emt 0:00:33]} 5. Nc3 {[%emt 0:00:06]} O-O {[%emt 0:00:35]} 6. e3 {[%emt 0:00:07]} Nbd7 {[%emt 0:00:52]} 7. Nge2 {[%emt 0:00:15]} e5 {[%emt 0:00:27]} 8. O-O {[%emt 0:00:45]} Re8 {[%emt 0:00:45]} 9. b3 {[%emt 0:01:41]} e4 {[%emt 0:02:54]} 10. Qc2 {[%emt 0:02:38]} Qe7 {[%emt 0:00:36]} 11. g4 {[%emt 0:01:04]} Nxg4 {[%emt 0:10:33]} 12. Qxe4 {[%emt 0:01:33]} Qh4 {[%emt 0:11:29]} 13. Qxe8+ {[%emt 0:02:04]} Nf8 {[%emt 0:14:14]} 14. h3 {[%emt 0:02:00]} Nf6 {[%emt 0:00:50]} 15. Qd8 {[%emt 0:12:03]} Bxh3 {[%emt 0:04:58]} 16. Qxa8 {[%emt 0:02:53]} Bxg2 {[%emt 0:18:00]} 17. Kxg2 {[%emt 0:01:44]} Ng4 {[%emt 0:01:06]} 18. Ng3 {[%emt 0:02:29]} Qh2+ {[%emt 0:01:58]} 19. Kf3 {[%emt 0:00:07]} h5 {[%emt 0:00:17]} 20. Nd1 {[%emt 0:06:15]} Qh4 {[%emt 0:06:32]} 21. Rh1 {[%emt 0:06:12]} Qf6+ {[%emt 0:00:27]} 22. Ke2 {[%emt 0:02:27]} d5 {[%emt 0:04:04]} 23. Qxb7 {[%emt 0:06:23]} h4 {[%emt 0:03:21]} 24. Ne4 {[%emt 0:05:04]} dxe4 {[%emt 0:00:50]} 25. Qxe4 {[%emt 0:00:21]} Nh6 {[%emt 0:00:43]} 26. Rxh4 {[%emt 0:02:34]} Nf5 {[%emt 0:00:34]} 27. Rg4 {[%emt 0:04:53]} 1-0

[Event "FAI-ch Master 2021"]
[Site "Klaksvik"]
[Date "2021.03.30"]
[Round "4.3"]
[White "Hojgaard, Samson"]
[Black "Johansen, Haldur Suni"]
[Result "1/2-1/2"]
[WhiteElo "1999"]
[BlackElo "1997"]
[Annotator "ChessBase"]
[PlyCount "53"]
[EventDate "2021.03.27"]
[EventType "tourn"]
[EventCountry "FAI"]
[SourceTitle "playchess.com"]
[Source "ChessBase"]
[SourceQuality "1"]
[TimeControl "40/5400+30:900+30"]

1. Nf3 {[%emt 0:17:57]} Nf6 {[%emt 0:00:00]} 2. c4 {[%emt 0:00:15]} c5 {[%emt 0:00:55]} 3. Nc3 {[%emt 0:01:46]} Nc6 {[%emt 0:00:47]} 4. e3 {[%emt 0:01:08]} d6 {[%emt 0:13:10]} 5. Be2 {[%emt 0:03:38]} g6 {[%emt 0:00:39]} 6. O-O {[%emt 0:00:15]} Bg7 {[%emt 0:00:04]} 7. b3 {[%emt 0:00:24]} O-O {[%emt 0:00:21]} 8. Bb2 {[%emt 0:00:30]} a6 {[%emt 0:01:02]} 9. h3 {[%emt 0:02:43]} Rb8 {[%emt 0:01:44]} 10. Rc1 {[%emt 0:04:21]} Ne4 {[%emt 0:07:42]} 11. Qc2 {[%emt 0:17:23]} Nxc3 {[%emt 0:05:12]} 12. Bxc3 {[%emt 0:00:08]} e5 {[%emt 0:00:18]} 13. Rfd1 {[%emt 0:05:50]} Qe7 {[%emt 0:11:24]} 14. d4 {[%emt 0:11:00]} Re8 {[%emt 0:12:20]} 15. dxc5 {[%emt 0:01:25]} dxc5 {[%emt 0:00:08]} 16. Nd2 {[%emt 0:01:16]} f5 {[%emt 0:02:12]} 17. Nb1 {[%emt 0:01:58]} Be6 {[%emt 0:00:57]} 18. Rd2 {[%emt 0:00:40]} Red8 {[%emt 0:01:52]} 19. Rcd1 {[%emt 0:00:30]} Rxd2 {[%emt 0:00:30]} 20. Rxd2 {[%emt 0:01:10]} Rd8 {[%emt 0:06:31]} 21. Kf1 {[%emt 0:01:24]} Rxd2 {[%emt 0:06:27]} 22. Qxd2 {[%emt 0:00:13]} Qd7 {[%emt 0:01:10]} 23. Ke1 {[%emt 0:02:07]} Qxd2+ {[%emt 0:01:29]} 24. Bxd2 {[%emt 0:01:16]} Kf7 {[%emt 0:05:00]} 25. Kd1 {[%emt 0:00:47]} Ke7 {[%emt 0:00:06]} 26. Bc3 {[%emt 0:01:07]} Bf6 {[%emt 0:01:13]} 27. Kd2 {[%emt 0:06:06]} 1/2-1/2

[Event "FAI-ch Master 2021"]
[Site "Klaksvik"]
[Date "2021.03.30"]
[Round "4.4"]
[White "Nielsen, Hogni Egilstoft"]
[Black "Nolsoe, Rani"]
[Result "1-0"]
[WhiteElo "2384"]
[BlackElo "2068"]
[Annotator "TA"]
[PlyCount "99"]
[EventDate "2021.03.27"]
[EventType "tourn"]
[EventCountry "FAI"]
[SourceTitle "playchess.com"]
[Source "ChessBase"]
[SourceQuality "1"]

{[%evp 11,99,20,34,0,-3,-3,1,-14,6,0,0,-10,-16,-17,0,-16,-14,-16,-10,-60,-77,-93,-104,-114,-122,-155,-63,-201,0,0,105,101,108,117,147,146,144,141,141,146,138,135,135,139,153,147,151,153,152,145,158,167,184,184,188,188,193,117,241,241,504,467,846,502,935,917,922,703,497,246,935,887,890,837,755,733,2155,3316,1400,2119,5085,5189,4889,5189,4921,3228,885,840,5181,4249]} 1. e4 e5 2. Bc4 Nf6 3. d4 exd4 4. Nf3 d6 5. Nxd4 Be7 6. Nc3 O-O 7. Qf3 {C41: Philidor Defence.} Nc6 8. Nxc6 bxc6 9. O-O {The position is equal.} Rb8 10. Bd3 {[#]} Ng4 $146 ({Predecessor:} 10... Nd7 11. Qe3 Ne5 12. Be2 Re8 13. f4 Ng6 14. Na4 Rb4 15. Nc3 d5 16. Rd1 Bf6 {0-1 (26) Pissano,R-Araguas,C Villa Ballester 1993}) 11. b3 Bf6 12. Bb2 c5 13. Na4 Ne5 14. Qg3 Bd7 {Strongly threatening ...Bxa4.} 15. Nxc5 Bh4 16. Qe3 Ng4 $1 {[%cal Rg4e3]} 17. Qe2 ({Wrong is} 17. Qd4 $2 Bf6 $19) 17... dxc5 18. f4 Be7 ({Better is} 18... Re8 $17 19. g3 Bf6) 19. f5 {[#]} (19. Bc4 $15) 19... Bf6 $2 20. e5 $40 {[%mdl 128] White has some attack.} Bxe5 21. Bxe5 $16 Re8 {[#]} 22. Bxc7 {[%mdl 512]} Rxe2 (22... Qxc7 23. Qxg4) 23. Bxd8 Re8 24. Bc7 Rbc8 25. Bf4 Ne3 26. Bxe3 Rxe3 27. Rae1 Rce8 28. Rxe3 Rxe3 {[%mdl 4096] Endgame KRB-KRB} 29. Kf2 Re5 30. Re1 Rxe1 31. Kxe1 {KB-KB} Bc6 32. g3 f6 33. a3 a5 34. c3 ({White should play} 34. Kd2 $18) 34... Bd5 (34... Kf7 $16 {was called for.} 35. Ke2 Ke7) 35. b4 $18 cxb4 $2 (35... Kf7 36. bxa5 Ke7) 36. cxb4 axb4 (36... Kf8 $142 37. bxa5 Ke7) 37. axb4 Kf8 (37... Kf7 $142 38. Kf2 Ke8) 38. Kd2 Ke7 39. Kc3 Kd6 40. Kd4 Bg2 $2 (40... Bf3 41. b5 Bg4) 41. b5 {White is clearly winning.} Bf3 42. Be4 Bd1 43. b6 Bb3 44. b7 Kc7 45. Kc5 Bf7 46. b8=Q+ Kxb8 47. Kd6 Bb3 48. Bd5 Bc2 49. Be6 g6 50. Ke7 {Weighted Error Value: White=0.15/Black=0.39} 1-0

[Event "FAI-ch Master 2021"]
[Site "Klaksvik"]
[Date "2021.03.31"]
[Round "5.2"]
[White "Johansen, Haldur Suni"]
[Black "Nielsen, Hogni Egilstoft"]
[Result "0-1"]
[WhiteElo "1997"]
[BlackElo "2384"]
[Annotator "TA"]
[PlyCount "57"]
[EventDate "2021.03.27"]
[EventType "tourn"]
[EventCountry "FAI"]
[SourceTitle "playchess.com"]
[Source "ChessBase"]
[SourceQuality "1"]

{[%evp 9,57,34,34,16,2,-6,-4,-18,0,-18,6,6,4,-39,0,-7,0,-27,-17,-63,-66,-53,-45,-94,-64,-112,-74,-102,-118,-106,-105,-103,-107,-110,-113,-163,-119,-229,-231,-237,-234,-276,-274,-305,-301,-312,-312,-440,-481,-466]} 1. e4 g6 2. d4 Bg7 3. Nc3 d6 4. Bg5 Nd7 5. Qd2 a6 6. Nf3 {B06: Modern Defence.} b5 7. Bd3 c5 8. dxc5 {The position is equal.} Nxc5 9. O-O Nf6 {[#]} 10. Rfe1 $146 ({Predecessor:} 10. Bh6 O-O 11. Bxg7 Kxg7 12. b4 Nxd3 13. cxd3 Qb6 14. a4 Bg4 15. Nh4 bxa4 16. Nxa4 {1-0 (41) Zelcic,R (2500)-Sulyok,M (2272) Oberwart 2001}) 10... O-O 11. h3 Re8 12. a3 Bb7 13. Rad1 Rc8 14. Qe3 Nfd7 15. Nd4 Nb6 16. Nce2 Nba4 {White must now prevent ...f6.} 17. Rb1 Qb6 18. b4 Nd7 19. Nb3 Ne5 20. Qxb6 Nxb6 21. Na5 Ba8 22. Rb3 Nec4 23. Be3 (23. f3 $17 {is a better defense.}) 23... Nxe3 $19 24. fxe3 Nc4 25. Nd4 {[#]} Nxe3 $1 {[%mdl 512]} 26. c3 {[#]} (26. Nxb5 Nxc2) 26... Rxc3 $3 {[%mdl 576] Remove Defender} 27. Rxc3 {And now Nab3 would win.} Bxd4 28. Nb3 (28. Rxe3 $142 Bxe3+ 29. Kf1) 28... Bxc3 29. Rxe3 {Weighted Error Value: White=0.29/Black=0.08} 0-1

[Event "FAI-ch Master 2021"]
[Site "Klaksvik"]
[Date "2021.03.31"]
[Round "5.3"]
[White "Apol, Luitjen Akselsson"]
[Black "Hojgaard, Samson"]
[Result "1-0"]
[WhiteElo "2103"]
[BlackElo "1999"]
[Annotator "TA"]
[PlyCount "85"]
[EventDate "2021.03.27"]
[EventType "tourn"]
[EventCountry "FAI"]
[SourceTitle "playchess.com"]
[Source "ChessBase"]
[SourceQuality "1"]

{[%evp 9,85,21,21,7,22,13,79,72,97,87,96,90,96,86,98,98,97,96,118,102,116,105,135,114,170,159,158,165,173,156,163,97,259,221,314,308,351,331,383,374,722,732,802,799,1133,1070,1565,883,923,912,915,885,845,848,1045,1035,29995,1435,1379,416,1395,1385,1302,1227,1741,1706,29974,29974,2157,0,1312,0,1958,1987,29993,29994,29997,29998]} 1. d4 Nf6 2. Nf3 e6 3. Bf4 b6 4. e3 c5 5. c4 Bb7 6. d5 {E12: Queen's Indian: Unusual White 4th moves, 4 a3, 4 Nc3 Bb7 5 a3 and 4 Nc3 Bb7 .} exd5 7. Nc3 {[%cal Rc4d5]} d6 (7... dxc4 $11 {remains equal.} 8. Bxc4 Be7) 8. cxd5 $16 {White is better.} a6 9. a4 Be7 10. e4 O-O 11. Nd2 {[#]} Nbd7 $146 ({Predecessor:} 11... Re8 12. Bd3 Nxd5 13. Nxd5 Bxd5 14. exd5 Bg5+ 15. Be3 Bxe3 16. fxe3 Rxe3+ {0-1 (25) Meduna,E (2416)-Navara,D (2710) Prague 2012}) 12. Be2 Ne8 13. Nc4 Qb8 14. Qb3 Bc8 15. Bg3 Ra7 16. O-O Bf6 (16... Ne5 $16) 17. f4 $18 Bd4+ 18. Kh1 Kh8 19. Bf3 Rb7 20. Rae1 (20. Qc2 $18) 20... Bf6 $2 {[#]} (20... Qc7 $16) 21. e5 Bd8 (21... Be7 $142 22. Be2 f5) 22. Ne4 Bc7 23. Qc2 h6 24. e6 Ndf6 $2 {[#]} (24... f5 25. exd7 Bxd7) 25. Ng5 $1 {[%mdl 512]} hxg5 (25... Bd8 26. Nxf7+) 26. fxg5 b5 27. exf7 bxc4 28. Qg6 {[%cal Re1e8]} Bf5 29. Qxf5 Rxf7 30. gxf6 Nxf6 31. Bh5 Rf8 32. Qh3 Ng8 33. Rxf8 (33. Be8+ $142 Nh6 34. Rxf8+ Kh7 35. Qh5 Qxe8 36. Rexe8 Rxb2 37. Rh8#) 33... Qxf8 34. Bg6+ Nh6 35. Re8 Qxe8 36. Bxe8 Rxb2 37. Bg6 c3 38. Qc8+ Ng8 39. Qh3+ Nh6 40. Qc8+ Ng8 41. h3 Bb6 42. Bf7 {[%csl Gf7][%cal Rc8g8]} Kh7 43. Qxg8+ {Weighted Error Value: White=0.26/Black=0.88} 1-0